Liquid gold the story of liquid crystal displays and the creation of an industry /

Bibliographic Details
Main Author: Castellano, Joseph A.
Corporate Author: ProQuest (Firm)
Format: Electronic eBook
Language:English
Published: Singapore ; Hackensack, NJ ; London : World Scientific, c2005.
Subjects:
Online Access:Click to View
LEADER 01334nam a2200337Ia 4500
001 EBC239632
003 MiAaPQ
005 20200520144314.0
006 m o d |
007 cr cn|||||||||
008 050126s2005 si a fs 001 0 eng d
020 |z 9812389563 (hbk.) 
035 |a (MiAaPQ)EBC239632 
035 |a (Au-PeEL)EBL239632 
035 |a (CaPaEBR)ebr10091235 
035 |a (CaONFJC)MIL187721 
035 |a (OCoLC)936911287 
040 |a MiAaPQ  |c MiAaPQ  |d MiAaPQ 
050 4 |a TK7872.L56  |b C37 2005 
082 0 4 |a 621.3815422  |2 22 
100 1 |a Castellano, Joseph A. 
245 1 0 |a Liquid gold  |h [electronic resource] :  |b the story of liquid crystal displays and the creation of an industry /  |c Joseph A. Castellano. 
260 |a Singapore ;  |a Hackensack, NJ ;  |a London :  |b World Scientific,  |c c2005. 
300 |a xi, 302 p. :  |b ill. (some col.) 
500 |a Includes bibliographical references and index. 
533 |a Electronic reproduction. Ann Arbor, MI : ProQuest, 2015. Available via World Wide Web. Access may be limited to ProQuest affiliated libraries. 
650 0 |a Liquid crystal displays  |x History. 
650 0 |a Liquid crystals industry  |x History. 
655 4 |a Electronic books. 
710 2 |a ProQuest (Firm) 
856 4 0 |u https://ebookcentral.proquest.com/lib/matrademy/detail.action?docID=239632  |z Click to View